000 00780nam a2200265 a 4500
001 BRCA_5156
005 20190320204950.0
008 221110s1907----enka######---#000-0#eng-#
041 _aeng
044 _aenk
050 4 _aNK999
_b.W55 1907
100 1 _aWilliams, Leonard
_913189
245 1 0 _aThe arts and crafts of older Spain
_cby Leonard Williams.
260 _aLondres
_bT. N. Foulis
_c1907
300 _a3 v.
_bil.
_c20 cm.
440 0 _aThe world of art series
_913190
500 _aEstado físico: el vol. 1 presenta lomo deteriorado
500 _aE31
504 _aIncluye referencias bibliográficas e índice
650 1 4 _aArte
_zEspaña
_92064
650 1 4 _aArte
_xHistoria
_913191
650 1 4 _aArtesanías
_zEspaña
_913192
902 _aGFM
942 _2lcc
_cB
999 _c4850
_d4850